Acción comunicativa e intervención social: trabajo social, educación social, supervisión

Wedi'i Gadw mewn:
Manylion Llyfryddiaeth
Prif Awdur: Hernández Aristu, Jesús (Awdur)
Fformat: Llyfr
Iaith:Sbaeneg
Cyhoeddwyd: Madrid Popular 1991
Cyfres:Trabajo Social, Política Social, 10
Pynciau:
Tagiau: Ychwanegu Tag
Dim Tagiau, Byddwch y cyntaf i dagio'r cofnod hwn!

MARC

LEADER 00000nam a2200000 a 4500
001 UCY1829
003 CL-VaPUC
008 940922e19910000SP |||||||||||||||||spa|d
082 0 4 |a 361  |b HER  |2 21 
100 0 |a Hernández Aristu, Jesús  |e author  |9 519295 
245 1 0 |a Acción comunicativa e intervención social: trabajo social, educación social, supervisión 
300 |a 254 p 
942 |c BK 
945 |d 19940922 00:00:00  |a rbrito 
260 |a Madrid  |b Popular  |c 1991 
650 0 |a Trabajo social   |9 307856 
650 0 |a Acción social  |9 307836 
583 |a last modification  |c 19940922 00:00:00  |k Rodrigo Vera 
490 0 |a Trabajo Social, Política Social, 10 
999 |c 324876  |d 324874 
952 |0 0  |1 0  |4 0  |6 361_000000000000000_HER_1991  |7 0  |8 A  |9 405255  |a BIBGIM  |b BIBGIM  |d 2019-11-22  |i 3020908  |o 361 HER 1991  |p 3020908  |r 2025-01-15  |w 2019-11-22  |y BK  |k SSL